| 000 | 00389nam a2200157Ia 4500 | ||
|---|---|---|---|
| 005 | 20250703011805.0 | ||
| 008 | 240331s9999 xx 000 0 und d | ||
| 020 | _a9559180065 | ||
| 082 |
_bMUL _a400 |
||
| 245 | 0 | _aMulikaSinhala | |
| 260 |
_aColombo _bDepartment of Official Language _c1993 |
||
| 300 | _a191 p ., | ||
| 650 | _aBasic Sinhala | ||
| 700 |
_aRajya Basha. _eedt |
||
| 942 | _cL | ||
| 999 |
_c3033 _d3033 |
||